000 00749nam a2200217 a 4500
001 17964
003 CO-ViMGA
008 141112s2004 ck r 000 u spa d
020 _a9581500154
040 _aCO-ViMGA
_bspa
_cCO-ViMGA
082 0 4 _a634.34 L365m
100 1 _aLeón Vallejo, Gloria Marcela; Alvarez de la Pava, Santiago
_925445
110 _aSena - Colombia ; Natural Resources Institute
_925446
245 1 0 _aPaquete de capacitación en manejo post - cosecha de la naranja
260 _aArmenia (Colombia),
_cSena,
_c1998
490 _aPaquetes de capacitación
590 _aForma de adquisición : Premio - Mincultura
650 1 4 _aNARANJA - MANEJO POST - COSECHA
_925447
650 1 4 _aNARANJA - MERCADEO
_925448
942 _2ddc
_cBK
999 _c27359
_d27359